| 000 | 00797nam a2200289Ia 4500 | ||
|---|---|---|---|
| 001 | Z_51 | ||
| 003 | CHAP | ||
| 005 | 20220920210831.0 | ||
| 008 | 220113s9999 xx 000 0 und d | ||
| 010 | _a163017 | ||
| 020 | _a0-13-808510-2 | ||
| 040 | _cCHAP | ||
| 082 | _a636.3 R67 | ||
| 100 |
_aRoss, C. V. _9100170 |
||
| 245 |
_aSheep production and management / _cC. V. Ross |
||
| 260 |
_aEnglewood Cliffs, New Jersey : _bPrentice-Hall, _c |
||
| 300 | _axiv, 481 p. | ||
| 503 | _aej.1: 150672 \ ej.2: 090132 (probable numero de inv. ya que no tiene cellos) | ||
| 650 |
_aCría de ganado _9137235 |
||
| 650 |
_aIndustria agrícola _9137236 |
||
| 650 |
_aOvejas _9137237 |
||
| 901 | _a636.3 R67 | ||
| 902 | _aM | ||
| 910 | _a | ||
| 942 |
_cLIBRO _2ddc |
||
| 942 |
_cLIBRO _2ddc |
||
| 999 |
_c163017 _d163017 |
||